| 000 | 00743nam a2200145Ia 4500 | ||
|---|---|---|---|
| 008 | 171212s9999 xx 000 0 und d | ||
| 020 | _a9781760461232 | ||
| 100 | _aMinnegal, Monica;Dwyer, Peter D. | ||
| 245 |
_cMinnegal, Monica;Dwyer, Peter D. _aNavigating the Future _bAn Ethnography of Change in Papua New Guinea |
||
| 260 |
_bANU E Press _c2017 |
||
| 440 | _aAsia-Pacific Environment Monographs | ||
| 650 | _aAnthropology | ||
| 650 | _aLiquefied natural gas industry -- Social aspects -- Papua New Guinea; Ethnology -- Papua New Guinea; Kubo (Papua New Guinean people) -- Economic conditions; Kubo (Papua New Guinean people) -- Social conditions; Papuans -- Papua New Guinea -- Attitudes | ||
| 856 | _uhttp://jstor.org/stable/j.ctt1sq5tsd | ||
| 999 |
_c351219 _d351219 |
||